|
|
|
|
| LEADER |
01658nam a2200397 a 4500 |
| 001 |
000088407 |
| 003 |
CZ BrMZK |
| 005 |
20230510141540.0 |
| 007 |
ta |
| 008 |
960815s1996 xr e 0 cze d |
| 015 |
|
|
|a cnb000098065
|
| 020 |
|
|
|a 80-85993-13-9
|
| 035 |
|
|
|a (OCoLC)37250479
|
| 040 |
|
|
|a BOA001
|b cze
|
| 072 |
|
7 |
|a 25
|x Náboženství, mytologie, kulty
|2 Konspekt
|9 5
|
| 080 |
|
|
|a (=15)
|2 MRF
|
| 080 |
|
|
|a 257.6
|2 MRF
|
| 080 |
|
|
|a (048.8)
|2 MRF
|
| 100 |
1 |
|
|a Matthews, Caitlin,
|d 1952-
|7 jn19981001827
|4 aut
|
| 245 |
1 |
0 |
|a Keltské duchovní tradice /
|c Caitlín Matthewsová ; [z angličtiny přeložili Milan Helcl, Ivar Tichý].
|
| 260 |
|
|
|a Praha :
|b Alternativa,
|c [1996]
|
| 300 |
|
|
|a 190 s. :
|b il. ;
|c 21 cm
|
| 500 |
|
|
|a Diskogr.
|
| 504 |
|
|
|a Obsahuje bibliografii
|
| 520 |
|
|
|a nedotčeni vlivy jiných kultur mnohem déle, než jinde v Evropě.
|
| 520 |
|
|
|a Záměrem knihy je zasvětit čtenáře do záhadného vnitřního světa Keltů a prozkoumat sílu jejich mýtů a kouzel. Autorka se soustřeďuje na území Británie a Irska, kde Keltové zůstali relativně
|
| 650 |
0 |
7 |
|a Keltové
|7 ph117669
|2 czenas
|
| 650 |
0 |
7 |
|a keltská náboženství
|7 ph221304
|2 czenas
|
| 650 |
0 |
7 |
|a keltská mytologie
|7 ph114902
|2 czenas
|
| 655 |
|
7 |
|a monografie
|7 fd132842
|2 czenas
|
| 765 |
0 |
|
|t <<The >>Celtic tradition
|
| 856 |
4 |
1 |
|u http://www.digitalniknihovna.cz/mzk/uuid/uuid:4305e9d0-1660-11e4-8e0d-005056827e51
|y Digitalizovaný dokument
|x NDK
|
| 910 |
|
|
|a BOA001
|b 2-1023.646
|b PK-0125.902
|
| 920 |
|
|
|a 000093660
|
| 990 |
|
|
|a BK
|
| 996 |
6 |
|
|b 2610040545
|c 2-1023.646
|l MZK
|r Sklad / do 1 hodiny
|n 53
|p p.v.
|w 000088407
|u 000010
|a 1
|e BOA001
|j MZK50
|s P
|